Same Name U.S. Cities Challenge Quiz Stats

Quiz Updated Jul 19, 2015

Also try: Is It That City?
Challenge
Share
Tweet
Embed
Score 0/25 Timer 05:00
5 Plays Today
City A A / B % Correct
Columbus, Georgia???
85.7%
Jackson, Mississippi???
85.3%
Rochester, Minnesota???
81.6%
Richmond, California???
76.9%
Longview, Texas???
76.9%
Columbia, Missouri???
71%
Lancaster, Ohio???
69.7%
Decatur, Alabama???
67%
Lawrence, Kansas???
62.9%
Glendale, Arizona???
61.8%
Lafayette, Indiana???
61.5%
Everett, Massachusetts???
61.3%
Aurora, Colorado???
60.9%
City A A / B % Correct
Wilmington, Delaware???
60.6%
Rome, Georgia???
57.3%
Burlington, North Carolina???
55.7%
Fayetteville, Arkansas???
55.6%
Anderson, Indiana???
53.9%
Lewiston, Idaho???
51.1%
Norwalk, California???
48.8%
Lakewood, California???
38.8%
Springfield, Illinois???
32%
Peoria, Arizona???
30.7%
Auburn, Alabama???
26.6%
Pasadena, California???
16.9%

You're not logged in!

Compare scores with friends on all Sporcle quizzes.
Join for Free
OR
Log In

You Might Also Like...

Show Comments

Extras

Top Quizzes Today


Score Distribution

Your Account Isn't Verified!

In order to create a playlist on Sporcle, you need to verify the email address you used during registration. Go to your Sporcle Settings to finish the process.

Report this User

Report this user for behavior that violates our Community Guidelines.

Details: